<?xml version="1.0" encoding="UTF-8"?>
<record
    xmlns:xsi="http://www.w3.org/2001/XMLSchema-instance"
    xsi:schemaLocation="http://www.loc.gov/MARC21/slim http://www.loc.gov/standards/marcxml/schema/MARC21slim.xsd"
    xmlns="http://www.loc.gov/MARC21/slim">

  <leader>01666ngm a2200349 a 4500</leader>
  <controlfield tag="001">000083456</controlfield>
  <controlfield tag="003">OSt</controlfield>
  <controlfield tag="005">20230914181618.0</controlfield>
  <controlfield tag="007">vducgaiz </controlfield>
  <controlfield tag="008">170818s1986    ck 093|g      s   v|spa d</controlfield>
  <datafield tag="040" ind1=" " ind2=" ">
    <subfield code="c">CO-MqBPB</subfield>
  </datafield>
  <datafield tag="045" ind1=" " ind2=" ">
    <subfield code="a">w-w-</subfield>
  </datafield>
  <datafield tag="090" ind1=" " ind2=" ">
    <subfield code="a">860.12</subfield>
    <subfield code="b">L66j</subfield>
  </datafield>
  <datafield tag="100" ind1=" " ind2=" ">
    <subfield code="a">L&#xF3;pez Michelsen, Alfonso</subfield>
    <subfield code="d">1913-2007</subfield>
  </datafield>
  <datafield tag="245" ind1="1" ind2="0">
    <subfield code="a">Jos&#xE9; Asunci&#xF3;n Silva :</subfield>
    <subfield code="b">vida y obra: mesa redonda</subfield>
    <subfield code="b">[disco sonoro] /</subfield>
    <subfield code="c">por Alfonso L&#xF3;pez Michelsen, Fernando Charry Lara y Ram&#xF3;n de Zubir&#xED;a.</subfield>
  </datafield>
  <datafield tag="250" ind1=" " ind2=" ">
    <subfield code="a">1a. ed.</subfield>
  </datafield>
  <datafield tag="260" ind1=" " ind2=" ">
    <subfield code="a">Bogot&#xE1; :</subfield>
    <subfield code="b">Casa de Poes&#xED;a Silva,</subfield>
    <subfield code="c">1986.</subfield>
  </datafield>
  <datafield tag="300" ind1=" " ind2=" ">
    <subfield code="a">2 discos compactos sonoro :</subfield>
    <subfield code="b">sonido ;</subfield>
    <subfield code="c">(93 minutos).</subfield>
  </datafield>
  <datafield tag="490" ind1=" " ind2="0">
    <subfield code="a">Voces para el tiempo</subfield>
    <subfield code="v">12A y 12B</subfield>
  </datafield>
  <datafield tag="505" ind1=" " ind2=" ">
    <subfield code="t">Mesa redonda sobre la vida y obra de Jos&#xE9; Asunci&#xF3;n Silva</subfield>
    <subfield code="r">Alfonso L&#xF3;pez Michelsen, Fernando Charry Lara y Ram&#xF3;n de Zubir&#xED;a</subfield>
  </datafield>
  <datafield tag="508" ind1=" " ind2=" ">
    <subfield code="a">Proyecto, realizaci&#xF3;n y dise&#xF1;os Pedro Alejo G&#xF3;mez Vila ; digitalizaci&#xF3;n y edici&#xF3;n sonora Luis Guillermo Aza Torres</subfield>
  </datafield>
  <datafield tag="518" ind1="1" ind2=" ">
    <subfield code="a">Conferencia realizada el 26 de Noviembre de 1986</subfield>
  </datafield>
  <datafield tag="600" ind1=" " ind2="0">
    <subfield code="a">Silva, Jos&#xE9; Asunci&#xF3;n</subfield>
    <subfield code="d">1865-1896</subfield>
    <subfield code="v">Congresos, conferencias, etc</subfield>
    <subfield code="v">Biograf&#xED;as</subfield>
  </datafield>
  <datafield tag="600" ind1=" " ind2="0">
    <subfield code="a">Silva, Jos&#xE9; Asunci&#xF3;n</subfield>
    <subfield code="d">1865-1896</subfield>
    <subfield code="x">Homenajes p&#xF3;stumos</subfield>
    <subfield code="v">Congresos, conferencias, etc.</subfield>
  </datafield>
  <datafield tag="600" ind1=" " ind2=" ">
    <subfield code="a">Silva, Jos&#xE9; Asunci&#xF3;n</subfield>
    <subfield code="d">1865-1896</subfield>
    <subfield code="v">Cr&#xED;tica e interpretaci&#xF3;n</subfield>
    <subfield code="v">Congresos, conferencias, etc</subfield>
  </datafield>
  <datafield tag="650" ind1=" " ind2=" ">
    <subfield code="a">Poes&#xED;a colombiana</subfield>
    <subfield code="v">Congresos, conferencias, etc.</subfield>
  </datafield>
  <datafield tag="650" ind1="2" ind2="4">
    <subfield code="a">Literatura colombiana |v CD-ROM</subfield>
    <subfield code="v">Congresos, conferencias, etc.</subfield>
  </datafield>
  <datafield tag="650" ind1="2" ind2="4">
    <subfield code="a">Poetas colombianos</subfield>
    <subfield code="v">Congresos, conferencias, etc.</subfield>
  </datafield>
  <datafield tag="700" ind1="1" ind2=" ">
    <subfield code="a">Charry Lara, Fernando,</subfield>
    <subfield code="d">1920-2004</subfield>
  </datafield>
  <datafield tag="700" ind1="1" ind2=" ">
    <subfield code="a">Zubir&#xED;a, Ram&#xF3;n de,</subfield>
    <subfield code="d">1922-1995</subfield>
  </datafield>
  <datafield tag="942" ind1=" " ind2=" ">
    <subfield code="2">ddc</subfield>
    <subfield code="c">CDROM</subfield>
  </datafield>
  <datafield tag="999" ind1=" " ind2=" ">
    <subfield code="c">11326</subfield>
    <subfield code="d">11326</subfield>
  </datafield>
  <datafield tag="952" ind1=" " ind2=" ">
    <subfield code="0">1</subfield>
    <subfield code="1">0</subfield>
    <subfield code="2">ddc</subfield>
    <subfield code="4">0</subfield>
    <subfield code="7">1</subfield>
    <subfield code="8">MUL</subfield>
    <subfield code="a">BPMOS</subfield>
    <subfield code="b">BPMOS</subfield>
    <subfield code="d">2020-01-20</subfield>
    <subfield code="i">NT</subfield>
    <subfield code="l">0</subfield>
    <subfield code="o">AP LOPMI</subfield>
    <subfield code="r">2020-01-20</subfield>
    <subfield code="w">2020-01-20</subfield>
    <subfield code="y">CDROM</subfield>
    <subfield code="z">Tres d&#xED;as-Hemeroteca-Bib.Elec</subfield>
  </datafield>
  <datafield tag="952" ind1=" " ind2=" ">
    <subfield code="0">0</subfield>
    <subfield code="1">0</subfield>
    <subfield code="2">ddc</subfield>
    <subfield code="4">0</subfield>
    <subfield code="7">0</subfield>
    <subfield code="8">MUL</subfield>
    <subfield code="a">BPMOS</subfield>
    <subfield code="b">BPMOS</subfield>
    <subfield code="d">2020-01-20</subfield>
    <subfield code="i">NT</subfield>
    <subfield code="l">0</subfield>
    <subfield code="o">860.12 L66j</subfield>
    <subfield code="p">MOS018937</subfield>
    <subfield code="r">2021-01-05</subfield>
    <subfield code="t">V.1 Ej.1</subfield>
    <subfield code="w">2020-01-20</subfield>
    <subfield code="y">CDROM</subfield>
    <subfield code="z">Tres d&#xED;as-Hemeroteca-Bib.Elec</subfield>
  </datafield>
</record>
